[Event "Open"]
[Site "Dos Hermanas ESP"]
[Date "2000.04.12"]
[Round "6"]
[White "Magem Badals,J"]
[Black "Fernandez Garcia,J"]
[Result "1-0"]
[WhiteElo "2529"]
[BlackElo "2443"]

1.Nf3 c5 2.e4 d6 3.Bb5+ Bd7 4.Bxd7+ Qxd7 5.c4 Nc6 6.Nc3 Ne5 7.d4 Nxf3+ 8.gxf3 cxd4
9.Qxd4 e6 10.Be3 Ne7 11.f4 Nc6 12.Qd2 Be7 13.O-O-O O-O-O 14.Nb5 Kb8 15.Kb1 b6
16.Qc3 Qb7 17.Qxg7 Na5 18.Qd4 Qc6 19.b3 Rhg8 20.Rhg1 Nb7 21.f5 exf5 22.exf5 Qf3
23.Qf4 Qe2 24.f6 Rxg1 25.Rxg1 Qd3+ 26.Kc1 Bf8 27.Rd1 Qg6 28.Qg5 Qxg5 29.Bxg5 Re8
30.Be3 Nc5 31.Nxd6 Re6 32.Nxf7 Nb7 33.Ng5 Rxf6 34.Nxh7 Ba3+ 35.Kc2 Rg6 36.h4 Bc5
37.Ng5 Bxe3 38.fxe3 Rh6 39.Rh1 Nd6 40.e4 Nb7 41.Kd3 Rh5  1-0

[Event "zt 1.2"]
[Site "Pula CRO"]
[Date "2000.04.12"]
[Round "2"]
[White "Feletar,D"]
[Black "Forster,R"]
[Result "1/2-1/2"]
[WhiteElo "2410"]
[BlackElo "2462"]

1.e4 c5 2.Nf3 d6 3.Bb5+ Bd7 4.Bxd7+ Qxd7 5.O-O Nc6 6.b3 Nf6 7.Re1 g6 8.c3 Bg7
9.d4 cxd4 10.cxd4 d5 11.e5 Ne4 12.Bb2 O-O 13.Nbd2 f5 14.exf6 Nxd2 15.Ne5 Nxe5
16.dxe5 Ne4 17.Rxe4 exf6 18.exf6 Bxf6 19.Bxf6 Rxf6 20.Qd4 Raf8 21.Re2 b6
22.Rd1 Rf5 23.g3 Re8 24.Rde1 Rxe2 25.Rxe2 Rf7 26.Rd2 Rf5 27.Kg2 Qe6 28.Qd3 Re5
29.h4 a5 30.Qd4 h5 31.Qf4 Re2 32.Qb8+ Kg7 33.Qb7+ Kh6 34.Rxe2 Qxe2 35.Qxd5 Qxa2
36.Qd4 Kh7 37.Qxb6 Qd2 38.Qe6 Kg7 39.Qe7+ Kg8 40.Qe4 Kg7 41.Qc4 Qd1 42.Qc3+ Kg8
43.Qf3 Qd2 44.Kh2 Kg7 45.Qe3 Qc2 46.Kg2 Qd1 47.Qe7+ Kg8 48.Qf6 Qd5+ 49.Kh2 Qd3
50.Qe6+ Kg7 51.Kg2 Qd2 52.Kf3 Qd1+ 53.Kg2  1/2-1/2

[Event "Open"]
[Site "Dos Hermanas ESP"]
[Date "2000.04.13"]
[Round "7"]
[White "Fernandez Garcia,J"]
[Black "Ruiz Jimenez,F"]
[Result "1-0"]
[WhiteElo "2443"]
[BlackElo "2012"]

1.e4 c5 2.Nf3 d6 3.Bb5+ Bd7 4.Bxd7+ Qxd7 5.c4 Nf6 6.Nc3 Nc6 7.d4 cxd4 8.Nxd4 Qg4
9.Qxg4 Nxg4 10.Nxc6 bxc6 11.b3 g6 12.Bb2 Bg7 13.c5 dxc5 14.Na4 Bd4 15.Ke2 e5
16.Rac1 O-O-O 17.Rhd1 Nxf2 18.Bxd4 Nxd1 19.Bxc5 f5 20.Bxa7 Kb7 21.Bc5 fxe4
22.Rxd1 Rxd1 23.Kxd1 Rd8+ 24.Ke2 Rd3 25.Be3 Kc7 26.Nc5 Rd5 27.b4 Rd6 28.a4 Rf6
29.a5 Rf7 30.Nxe4 Rf8 31.g3 Rf7 32.Bb6+ Kb8 33.a6 h6 34.Nc5 Re7 35.Ke3 Re8
36.a7+  1-0

[Event "Val Zemitis IM"]
[Site "San Francisco USA"]
[Date "2000.04.13"]
[Round "8"]
[White "Bhat,V"]
[Black "Ilic,Z1"]
[Result "1-0"]
[WhiteElo "2398"]
[BlackElo "2381"]

1.e4 c5 2.Nf3 d6 3.Bb5+ Nd7 4.d4 Nf6 5.O-O Nxe4 6.Qe2 Nf6 7.dxc5 e6 8.Rd1 Qc7
9.Nc3 Qxc5 10.Bg5 Be7 11.Bxf6 gxf6 12.Nd5 a6 13.b4 Qa7 14.Nd4 axb5 15.Nxe6 Ne5
16.Qxb5+ Nc6 17.Nec7+ Kd8 18.Nxa8 Qxa8 19.Qb6+ Kd7 20.Qc7+ Ke8 21.Nb6 Bd8
22.Qxc8 Qxc8 23.Nxc8  1-0

[Event "Millennium Masters"]
[Site "Oakham ENG"]
[Date "2000.04.15"]
[Round "5"]
[White "McDonald,N"]
[Black "Ward,C"]
[Result "1/2-1/2"]
[WhiteElo "2438"]
[BlackElo "2509"]

1.e4 c5 2.Nf3 d6 3.Bb5+ Bd7 4.Bxd7+ Qxd7 5.O-O Nc6 6.b3 Nf6 7.Re1 g6 8.Bb2 Bg7
9.c3 O-O 10.d4 cxd4 11.cxd4 d5 12.e5 Ne4 13.Nbd2 f5 14.exf6 Nxd2 15.Ne5 Nxe5
16.dxe5 exf6 17.exf6 Bxf6 18.Bxf6 Rxf6 19.Qxd2 d4 20.Qd3 Rd8 21.Rad1 Qd5
22.Re4 Re6 23.Rxe6 Qxe6 24.h4 Kg7 25.g3 Rd7 26.Rd2 Qe1+ 27.Kg2 h5 28.Re2 Qc3
29.Qb5 Rf7 30.Qe5+ Kh7 31.Qd5 Kg7 32.Re8 d3 33.Rd8 Qb2 34.Qd4+ Qxd4 35.Rxd4 Rc7
36.Rxd3 Rc2 37.a4 Kh6 38.Kf3 b5 39.axb5 Rc5 40.b6 a5 41.Ke4 Rb5 42.Kd4 Rxb6
43.Kc4 Rb4+ 44.Kc3 Rb5 45.Rd4 Rf5 46.Rf4 Rc5+ 47.Kb2 Kg7 48.Ka3 Rc1 49.Ra4 Rc5
50.Rc4 Rf5 51.Rc7+ Kf6 52.Rc6+ Kg7 53.Ra6 Rb5 54.f3 Rf5 55.g4 Rd5 56.Ka4 hxg4
57.fxg4 Rd4+ 58.Kxa5 Rxg4 59.b4 Rxh4 60.b5 Rh1 61.Rc6 Kh6 62.b6 Ra1+ 63.Kb5 Rb1+
64.Ka6 Ra1+ 65.Kb7 Kh5 66.Kc7 g5 67.b7 Ra7 68.Ra6 Rxb7+ 69.Kxb7 Kg4 70.Kc6 Kf3
71.Kd5 g4 72.Rf6+ Ke3 73.Rg6 Kf3 74.Kd4 g3 75.Kd3 g2 76.Kd2 Kf2 77.Rf6+ Kg3
78.Rg6+ Kf2 79.Rxg2+ Kxg2  1/2-1/2

[Event "Redbus KO"]
[Site "Southend ENG"]
[Date "2000.04.21"]
[Round "1.2"]
[White "Adams,Mi"]
[Black "King,D"]
[Result "1/2-1/2"]
[WhiteElo "2715"]
[BlackElo "2514"]

1.e4 c5 2.Nf3 d6 3.Bb5+ Bd7 4.Bxd7+ Qxd7 5.O-O Nf6 6.e5 dxe5 7.Nxe5 Qc8 8.d4 e6
9.Nc3 Nc6 10.Be3 Be7 11.Nxc6 Qxc6 12.dxc5 Bxc5 13.Bxc5 Qxc5 14.Qf3 Qb6 15.b3 O-O
16.Ne4 Nxe4  1/2-1/2

[Event "XVIII Open"]
[Site "Metz FRA"]
[Date "2000.04.22"]
[Round "8"]
[White "Sorin,Ma"]
[Black "Lerner,K"]
[Result "0-1"]
[WhiteElo "2285"]
[BlackElo "2575"]

1.e4 c5 2.Nf3 d6 3.Bb5+ Bd7 4.Bxd7+ Qxd7 5.c4 Nc6 6.Nc3 Nf6 7.d4 cxd4 8.Nxd4 g6
9.O-O Bg7 10.Nde2 O-O 11.f3 a6 12.a4 Qd8 13.Be3 Nd7 14.Rb1 Qa5 15.Kh1 Rfc8
16.Qd2 Rab8 17.b3 Qd8 18.Rfd1 Qf8 19.Nf4 b6 20.Nfd5 Nc5 21.Rdc1 e6 22.Nf4 Ne5
23.Rd1 Rd8 24.Nfe2 Qe7 25.Nd4 Rbc8 26.Qe2 h5 27.Qa2 Nb7 28.Nde2 Qc7 29.Bg5 Re8
30.Qd2 Qc5 31.Qf4 f6 32.Bxf6 Rf8 33.Bxe5 Rxf4 34.Bxf4 Rf8 35.Rd3 Be5 36.Be3 Qc7
37.Nd4 Nc5 38.Rdd1 Qf7 39.Nde2 Qf6 40.Na2 g5 41.Nb4 h4 42.h3 g4 43.hxg4 h3
44.Rf1 Nxe4 45.gxh3 Nc3  0-1

[Event "zt 1.2"]
[Site "Pula CRO"]
[Date "2000.04.22"]
[Round "11"]
[White "Grosar,A"]
[Black "Pelletier,Y"]
[Result "1/2-1/2"]
[WhiteElo "2449"]
[BlackElo "2478"]

1.e4 c5 2.Nf3 d6 3.Bb5+ Bd7 4.Bxd7+ Nxd7 5.O-O Ngf6 6.Re1 e6 7.c3 Be7 8.d4 O-O
9.e5 Nd5 10.c4 N5b6 11.exd6 Bxd6 12.b3 cxd4 13.Qxd4 Be7 14.Bb2 Bf6 15.Qd2 Nc5
16.Bxf6 Qxf6 17.Nc3 Rfd8  1/2-1/2

[Event "XXXI Open"]
[Site "Mar del Plata ARG"]
[Date "2000.04.23"]
[Round "9"]
[White "Tempone,M"]
[Black "Kanefsck,G"]
[Result "1-0"]
[WhiteElo "2443"]
[BlackElo "2395"]

1.e4 c5 2.Nf3 d6 3.Bb5+ Bd7 4.Bxd7+ Qxd7 5.O-O Nc6 6.b3 Nf6 7.Re1 g6 8.Bb2 Bg7
9.Nc3 O-O 10.Nd5 e5 11.c4 Nxd5 12.cxd5 Ne7 13.d3 h6 14.Bc3 b5 15.a4 a6 16.axb5 axb5
17.b4 cxb4 18.Bxb4 Ra4 19.Rxa4 bxa4 20.Qa1 Ra8 21.Nd2 Nc8 22.Nc4 Bf8 23.Qa3 Be7
24.Ra1 Qd8 25.g3 Ra6 26.Rb1 h5 27.Bd2 h4 28.Qb4 Kg7 29.Qb5 Ra8 30.Be3 Bf8
31.Ra1 Ne7 32.Rxa4 Rxa4 33.Qxa4 h3 34.Bb6 Qb8 35.Qa7 Qxa7 36.Bxa7 Nc8 37.Be3 Be7
38.f4 f6 39.Kf2 Bd8 40.fxe5 fxe5 41.Kf3 Bc7 42.Kg4 Ne7 43.Kxh3 Ng8 44.Bg5  1-0

[Event "Redbus KO g/10"]
[Site "Southend ENG"]
[Date "2000.04.24"]
[Round "4.3"]
[White "Adams,Mi"]
[Black "Lalic,B"]
[Result "1/2-1/2"]
[WhiteElo "2715"]
[BlackElo "2548"]

1.e4 c5 2.Nf3 d6 3.Bb5+ Bd7 4.Bxd7+ Qxd7 5.O-O Nf6 6.Re1 Nc6 7.b3 e6 8.Bb2 Be7
9.c4 O-O 10.d4 cxd4 11.Nxd4 a6 12.Nc3 Rfd8 13.a4 Ne8 14.Nc2 Nc7 15.Ne3 Bf6
16.Qh5 Bd4 17.Rad1 Rac8 18.Rd2 Qe8 19.Red1 Bxe3 20.fxe3 Qe7 21.Ba3 g6 22.Qg4 Ne8
23.Qf4 Qc7 24.Bxd6 Nxd6 25.Rxd6 Qb6 26.e5 Qxb3 27.Ne4 Rxd6 28.Rxd6 Qb1+ 29.Kf2 Qb2+
30.Kg3 Qxe5 31.Rd7 Qxf4+ 32.Kxf4 Na5 33.c5 Nb3 34.Nd6 Rxc5 35.e4 g5+ 36.Kg4 Rc2
37.Nxf7 Rxg2+ 38.Kf3 Rxh2 39.Nxg5 Nc5 40.Rc7 h6 41.Rxc5 hxg5 42.Rxg5+ Kf7
43.Rc5 Ra2 44.Rc7+ Kf6 45.Rxb7 Rxa4 46.Kf4 e5+ 47.Ke3 Ra3+ 48.Kd2 a5 49.Ra7 Kg5
50.Rf7 Kg6 51.Rf5  1/2-1/2

[Event "ch-IRL"]
[Site "Castleconnell IRL"]
[Date "2000.04.26"]
[Round "5"]
[White "Wall,G"]
[Black "Daly,C"]
[Result "1-0"]
[WhiteElo "2352"]
[BlackElo "2377"]

1.e4 c5 2.Nf3 d6 3.Bb5+ Bd7 4.a4 Nf6 5.d3 Nc6 6.O-O e6 7.Nbd2 Be7 8.Nc4 O-O
9.e5 Ne8 10.c3 d5 11.Ne3 Na5 12.Bd2 Nc6 13.d4 Nc7 14.Bd3 cxd4 15.cxd4 a5
16.Nc2 Na6 17.Nfe1 Nab4 18.Nxb4 Nxb4 19.Bb1 b5 20.Ra3 g6 21.Bh6 Re8 22.Rh3 bxa4
23.Nf3 Bb5 24.Re1 f5 25.exf6 Bxf6 26.Ne5 Bxe5 27.dxe5 Ra7 28.Qg4 Rg7 29.Bxg7 Kxg7
30.Rxh7+  1-0

[Event "4NCL"]
[Site "Birmingham ENG"]
[Date "2000.04.30"]
[Round "10"]
[White "Quillan,G"]
[Black "Bates,Ri"]
[Result "1-0"]
[WhiteElo "2349"]
[BlackElo "2368"]

1.e4 c5 2.Nf3 d6 3.Bb5+ Bd7 4.Bxd7+ Qxd7 5.c4 Nc6 6.d4 cxd4 7.Nxd4 Nf6 8.Nc3 g6
9.f3 Bg7 10.Be3 O-O 11.Qd2 Rfc8 12.b3 a6 13.a4 Qd8 14.O-O Nd7 15.Rfd1 Nc5
16.Rab1 Rab8 17.Qe1 e6 18.g4 Ne5 19.Qe2 Qh4 20.Kg2 Bh6 21.h3 Bxe3 22.Qxe3 Qe7
23.f4 Nc6 24.Nf3 Nb4 25.h4 Nc2 26.Qe2 Na3 27.Ra1 Qf6 28.e5 Qxf4 29.Rd4 Qh6
30.g5 Qf8 31.Rxa3 dxe5 32.Qxe5 Rd8 33.b4 Rxd4 34.Qxd4 e5 35.Qxc5  1-0

[Event "3rd Open"]
[Site "Tanta City EGY"]
[Date "2000.05.03"]
[Round "1"]
[White "Sarwat,W"]
[Black "Rahman,Y"]
[Result "0-1"]
[WhiteElo "2407"]
[BlackElo "2273"]

1.e4 c5 2.Nf3 d6 3.Bb5+ Nd7 4.d4 cxd4 5.Qxd4 a6 6.Bxd7+ Bxd7 7.Nc3 e6 8.Bg5 f6
9.Be3 Ne7 10.O-O Nc6 11.Qd2 Ne5 12.Nxe5 dxe5 13.f4 exf4 14.Rxf4 Bc6 15.Qe2 Bd6
16.Rh4 Qe7 17.Rd1 Be5 18.Bd4 Bxd4+ 19.Rxd4 Qc7 20.Qe3 O-O 21.b4 Qe5 22.Rc4 Rad8
23.Qh3 h6 24.Rh5 f5 25.Qe3 Bb5 26.Rc5 f4 27.Qe1 Qd4+ 28.Kh1 Qxb4 29.a3 Qd4
30.Qg1 Bc6 31.Qxd4 Rxd4 32.Rhe5 Rd2 33.Rxe6 Rxc2 34.Kg1 f3 35.gxf3 Rxf3 36.Na4 Bxa4  0-1

[Event "Open"]
[Site "Dubai UAE"]
[Date "2000.05.04"]
[Round "6"]
[White "Sorokin,M"]
[Black "Mamedov,N"]
[Result "1-0"]
[WhiteElo "2572"]
[BlackElo "2341"]

1.e4 c5 2.Nf3 d6 3.Bb5+ Nd7 4.d4 Nf6 5.Nc3 a6 6.Bxd7+ Nxd7 7.O-O e6 8.Bg5 Qc7
9.a4 f6 10.Be3 Be7 11.dxc5 dxc5 12.Nd2 Ne5 13.f4 Nc6 14.Nb3 O-O 15.Qe2 Nb4
16.Qf2 b6 17.a5 bxa5 18.Rxa5 c4 19.Bb6 Qb7 20.Nd2 Nxc2 21.Nxc4 Nb4 22.Rd1 Bd7
23.Bc5 Bxc5 24.Rxc5 Bb5 25.Nd6 Qe7 26.Ncxb5 axb5 27.Qd4 Rad8 28.Rxb5 Nc6
29.Qc5 Qd7 30.Rd3 Nb8 31.h3 Na6 32.Qc4 Rb8 33.Rxb8 Nxb8 34.b4 Kh8 35.b5 Qa7+
36.Kh2 Nd7 37.Qc6 Nc5 38.b6 Qa5 39.Rg3 h6 40.Qc7 Rg8 41.Ne8  1-0

[Event "Capablanca Mem Elite"]
[Site "Varadero CUB"]
[Date "2000.05.07"]
[Round "1"]
[White "Oral,T"]
[Black "Vera,R"]
[Result "1/2-1/2"]
[WhiteElo "2540"]
[BlackElo "2546"]

1.e4 c5 2.Nf3 d6 3.Bb5+ Nd7 4.d4 Nf6 5.Nc3 cxd4 6.Qxd4 e5 7.Qd3 h6 8.Be3 Be7
9.Bc4 a6 10.a4 Qc7 11.O-O Nc5 12.Bxc5 Qxc5 13.Bb3 Be6 14.Ra3 Rc8  1/2-1/2

[Event "Capablanca Mem Mixto"]
[Site "Varadero CUB"]
[Date "2000.05.08"]
[Round "2"]
[White "Fandino,R"]
[Black "Pina,S"]
[Result "0-1"]
[WhiteElo "2157"]
[BlackElo "2300"]

1.e4 c5 2.Nf3 d6 3.Bb5+ Nd7 4.c3 Nf6 5.Qe2 e6 6.O-O Be7 7.d4 a6 8.Ba4 b5
9.Bc2 e5 10.Rd1 Qc7 11.dxe5 dxe5 12.a4 Rb8 13.Nbd2 c4 14.Nf1 h6 15.Ne3 Nc5
16.axb5 axb5 17.Nd5 Nxd5 18.exd5 Bg4 19.h3 Bxf3 20.Qxf3 O-O 21.Qg4 Rb6 22.Be3 Rf6
23.Kh1 Re8 24.Rd2 Bf8 25.Rad1 e4 26.Rd4 Rg6 27.Qh4 Be7 28.Qh5 Bd6 29.Qh4 f5
30.Qh5 Qf7 31.R4d2 Nd3 32.Bxd3 cxd3 33.Ra1 Re7 34.b4 Kh7 35.Ra6 f4 36.Bd4 e3
37.fxe3 fxe3 38.Bxe3 Rxe3 39.Rd1  0-1

[Event "Kastav"]
[Site "Opatija CRO"]
[Date "2000.05.09"]
[Round "5"]
[White "Zelenika,S"]
[Black "Muhvic,D"]
[Result "1/2-1/2"]
[WhiteElo "2261"]
[BlackElo "2224"]

1.e4 c5 2.Nf3 d6 3.Bb5+ Nd7 4.d4 Nf6 5.Nc3 cxd4 6.Qxd4 e5 7.Qd3 Be7 8.Be3 a6
9.Bc4 Qc7 10.a4 O-O 11.O-O Nc5 12.Bxc5 Qxc5 13.Nd5 Nxd5 14.Bxd5 Rb8 15.Ra3 Be6
16.Rc3 Qa5 17.Bxe6 fxe6 18.Qc4 Kf7 19.b3 h6 20.Rd1  1/2-1/2

[Event "3rd Open"]
[Site "Tanta City EGY"]
[Date "2000.05.10"]
[Round "7"]
[White "Hassan,Say"]
[Black "El Ghazali,Y"]
[Result "1-0"]
[WhiteElo "2397"]
[BlackElo "2386"]

1.e4 c5 2.Nf3 d6 3.Bb5+ Bd7 4.Bxd7+ Nxd7 5.O-O Ngf6 6.Re1 e6 7.c3 Ne5 8.d4 Nxf3+
9.Qxf3 cxd4 10.cxd4 d5 11.e5 Nd7 12.Nc3 Bb4 13.Qg4 Bxc3 14.bxc3 Qe7 15.Qxg7 O-O-O
16.Bg5 Qf8 17.Qxf8 Rdxf8 18.Re3 h6 19.Bf4 Nb6 20.Rh3 h5 21.Rd1 Kd7 22.Rdd3 Rc8
23.Rdg3 Rc4 24.Rg7 Ra4 25.Rxf7+ Kc6 26.g4 Rg8 27.g5 Rxa2 28.Rxh5 Na4 29.Rhh7 b6
30.Rxa7 Kb5 31.h4 Nxc3 32.Rxa2 Nxa2 33.h5 Kc4 34.g6 b5 35.Rc7+ Kd3 36.g7 b4
37.h6 b3 38.h7 b2 39.hxg8=Q b1=Q+ 40.Kh2 Ke2 41.Qxe6 Kxf2 42.g8=Q  1-0

[Event "3rd Open"]
[Site "Tanta City EGY"]
[Date "2000.05.10"]
[Round "7"]
[White "Sarwat,W"]
[Black "Elkadi,A"]
[Result "1-0"]
[WhiteElo "2407"]
[BlackElo "2254"]

1.e4 c5 2.Nf3 d6 3.Bb5+ Bd7 4.Bxd7+ Qxd7 5.O-O Nc6 6.c3 d5 7.exd5 Qxd5 8.d4 e6
9.Be3 cxd4 10.cxd4 Nf6 11.Nc3 Qd6 12.Qb3 Qb4 13.Ne5 Rc8 14.Nxc6 bxc6 15.Rfc1 Be7
16.Qxb4 Bxb4 17.Na4 Nd5 18.Rc4 Bd6 19.Rac1 Kd7 20.Nc5+ Bxc5 21.dxc5 Rb8 22.Ra4 Rb7
23.b3 e5 24.Rd1 Ke6 25.Ra6 Rc8 26.Bc1 Rcc7 27.Bb2 Rb4 28.Re1 f6 29.g3 g5
30.h3 h5 31.Rd1 h4 32.g4 Rb5 33.Ba3 Rb8 34.Bc1 Rd8 35.Be3 Rdd7 36.a3 Nc3
37.Rd6+ Rxd6 38.cxd6 Kxd6 39.Bxa7 Rb7 40.b4 Ne2+ 41.Kh2 Nd4 42.Bc5+ Kd5 43.Ra8 Ne6
44.Be3 Kd6 45.Rh8 Nd4 46.Rh6 Ke6 47.Kg2 Rg7 48.a4 Rg8 49.a5 Nc2 50.Bd2 e4
51.Bc3 Rf8 52.a6 Ra8 53.Rxf6+ Kd5 54.Rf5+ Ke6 55.Ra5 e3 56.Ra2  1-0

[Event "Capablanca Mem Premier I"]
[Site "Varadero CUB"]
[Date "2000.05.10"]
[Round "4"]
[White "Fiorito,F"]
[Black "Herrera,I"]
[Result "0-1"]
[WhiteElo "2459"]
[BlackElo "2472"]

1.Nf3 c5 2.e4 d6 3.Bb5+ Nd7 4.d4 Nf6 5.O-O a6 6.Bxd7+ Nxd7 7.Nc3 g6 8.dxc5 dxc5
9.e5 Bg7 10.Qe2 Nb6 11.Ne4 O-O 12.Nxc5 Qc7 13.Nd3 Bf5 14.Re1 Rfd8 15.Be3 Rac8
16.Bxb6 Qxb6 17.Rad1 Rd5 18.h3 h5 19.b3 Rc3 20.Nf4 Rxd1 21.Qxd1 Rxc2 22.Rf1 Rc8
23.Nh4 Bc2 24.Qe2 Qc5 25.g3 Qxe5 26.Qd2 Qd4 27.Qa5 Qc5 28.Qa4 g5 29.Nxh5 gxh4
30.Qxh4 Bg6 31.Nf4 Bh7 32.Re1 e6 33.Qg4 Qf5 34.Qd1 Qb5 35.Rf1 Qb4 36.Qf3  0-1

[Event "Capablanca Mem Mixto"]
[Site "Varadero CUB"]
[Date "2000.05.12"]
[Round "5"]
[White "Hernandez,T"]
[Black "Pina,S"]
[Result "1/2-1/2"]
[WhiteElo "2216"]
[BlackElo "2300"]

1.e4 c5 2.Nf3 d6 3.Bb5+ Nd7 4.c3 Nf6 5.Qe2 a6 6.Ba4 b5 7.Bc2 e5 8.d4 cxd4
9.cxd4 h6 10.O-O Be7 11.a4 b4 12.a5 O-O 13.Bd2 Rb8 14.b3 Rb5 15.Ra4 Rxa5
16.Bxb4 Rxa4 17.bxa4 Bb7 18.a5 Re8 19.d5 Qb8 20.Bd2 Rc8 21.Na3 Nc5 22.Rb1 Rc7
23.Nc4 Qf8 24.Nb6 Bc8 25.Bd3 Bg4 26.h3 Bh5 27.Bb4 Nxd3 28.Qxd3 Bg6 29.Nd2 Nh5
30.Qxa6 f5 31.Qa8 fxe4 32.Qxf8+ Kxf8 33.Ra1 e3 34.fxe3 Bd3 35.a6 Ra7 36.Ndc4 Nf6
37.Nc8 Ra8 38.N8b6 Ra7 39.Nc8 Ra8 40.a7 Bxc4 41.Nb6 Bxd5 42.Nxa8 Bxa8 43.Rc1 Kf7
44.Rc8 Be4 45.a8=Q Bxa8 46.Rxa8 Ke6 47.Ra7 Ne4 48.Kf1 Bf6 49.Rc7 h5 50.Ke2 h4
51.Kf3 d5 52.Bf8 g6 53.Bg7 Bd8 54.Rc6+ Kf5 55.Rc8 Be7 56.Re8 Bd6 57.Bf8 Bc7
58.Be7 g5 59.Rf8+ Kg6 60.Kg4 Bb6 61.Bxg5 Nxg5 62.Rg8+ Kf6 63.Rxg5 Bxe3 64.Rf5+ Ke6
65.Rf1 d4 66.Kxh4 d3 67.g4 Bf4 68.g5 Kf5 69.Kh5 d2 70.g6 Kf6 71.h4 Kg7 72.Ra1 e4
73.Ra7+ Kg8 74.Ra8+ Kg7 75.Ra7+ Kg8 76.Ra8+ Kg7  1/2-1/2

[Event "Open"]
[Site "Pula CRO"]
[Date "2000.05.16"]
[Round "1"]
[White "Waldmann,G"]
[Black "Tratar,M"]
[Result "0-1"]
[WhiteElo "2154"]
[BlackElo "2439"]

1.e4 c5 2.Nf3 d6 3.Bb5+ Nd7 4.d4 Nf6 5.Nc3 a6 6.Bxd7+ Nxd7 7.O-O e6 8.Be3 Be7
9.a4 b6 10.Qe2 O-O 11.Rfd1 cxd4 12.Nxd4 Bb7 13.f3 Qc7 14.Na2 d5 15.exd5 Bxd5
16.b3 Bb7 17.c4 Bd6 18.h3 Nf6 19.Nc3 Rfd8 20.Qf2 Bg3 21.Qc2 Rac8 22.Nde2 Bh2+
23.Kf1 Bd6 24.Rd2 h6 25.Rad1 Be7 26.Rxd8+ Rxd8 27.Rxd8+ Qxd8 28.Qd2 Qc7 29.Qd4 Nd7
30.Ne4 f5 31.N4c3 Qd6 32.Qxd6 Bxd6 33.Nc1 Kf7 34.Ke2 g5 35.Nd3 Kf6 36.b4 e5
37.c5 bxc5 38.bxc5 Bf8 39.Kd2 e4 40.Bd4+ Ke6 41.fxe4 fxe4 42.Nf2 Nxc5 43.Ke3 Bd6
44.Nfxe4 Bf4+ 45.Kf3 Nxe4 46.Nxe4 h5 47.g3 Bc7 48.Ke3 Bxe4 49.Kxe4 Bxg3 50.Be3 Kf6
51.Bd4+ Kg6 52.Kf3 Bc7 53.Ke4 Bd8 54.Be5 Ba5  0-1

[Event "Open"]
[Site "Pula CRO"]
[Date "2000.05.16"]
[Round "1"]
[White "Pavasovic,D"]
[Black "Genser,H"]
[Result "1-0"]
[WhiteElo "2544"]
[BlackElo "2186"]

1.e4 c5 2.Nf3 d6 3.Bb5+ Bd7 4.Bxd7+ Qxd7 5.c4 Nc6 6.Nc3 g6 7.d4 cxd4 8.Nxd4 Bg7
9.Nde2 Nf6 10.f3 O-O 11.O-O Rfd8 12.Bg5 h6 13.Bh4 Kh7 14.b3 Qe8 15.Qd2 Rd7
16.Rad1 Rad8 17.f4 Ng8 18.Qe3 Bf6 19.Bxf6 Nxf6 20.Nd5 Ng8 21.Rd2 e6 22.Ndc3 Qe7
23.Qf3 f5 24.Ng3 Nf6 25.Re1 Qf7 26.Qe2 d5 27.cxd5 exd5 28.exf5 gxf5 29.Nxf5 Re8
30.Qd1 Rxe1+ 31.Qxe1 Nh5 32.Qb1 Qg6 33.Nxd5 Nb4 34.Qe4 Nxd5 35.Rxd5 Rf7 36.Re5 Nf6  1-0

[Event "It"]
[Site "Sisak CRO"]
[Date "2000.05.18"]
[Round "2"]
[White "Fuksik,J"]
[Black "Franic,M"]
[Result "1/2-1/2"]
[WhiteElo "2275"]
[BlackElo "2386"]

1.e4 c5 2.Nf3 d6 3.Bb5+ Bd7 4.Bxd7+ Qxd7 5.c4 Nc6 6.Nc3 g6 7.d4 Bg7 8.dxc5 Bxc3+
9.bxc3 dxc5 10.Qxd7+ Kxd7 11.Bf4 Ke8 12.O-O-O Nf6 13.Rhe1 Nd7 14.e5 Nf8 15.Bh6 Ne6
16.Re4 Rd8 17.Rd5 b6 18.Re3 Nc7 19.Rxd8+ Nxd8 20.Ng5 Nce6 21.Ne4 Nc6 22.f4 Na5
23.Nd2 Kd7 24.g4 Rg8 25.Kc2 Nc7 26.Rd3+ Kc8 27.Bg5 Nc6 28.Ne4 Ne6 29.Rh3 Rh8
30.Bh6 Rg8 31.Bg5 Rh8 32.Bh6 Rg8 33.Rg3 Na5 34.f5 Nd8 35.f6 Re8 36.Bg5 Nxc4
37.fxe7 Nc6 38.Nd6+ Nxd6 39.exd6 Kd7 40.Bf4 f6 41.g5 fxg5 42.Rxg5 Rg8 43.Rd5 Nb8
44.Bh6 Ke8 45.h4 Nd7 46.Rd1 Ne5 47.Bf8 g5 48.hxg5 Rxg5 49.Bh6 Rg6 50.Bf4 Nf7
51.Kb3 h5 52.Rd5 h4 53.Rh5 Nxd6 54.Rxh4 Nf7 55.Bb8 a6 56.Re4 Ng5 57.Re5 Nf3
58.Re2 b5 59.Bc7 Ng5 60.Bd8 Ne6 61.Rd2 a5 62.Bxa5 Kxe7 63.a4 bxa4+ 64.Kxa4  1/2-1/2

[Event "ch-RUS Women"]
[Site "Elista RUS"]
[Date "2000.05.19"]
[Round "9"]
[White "Potihoshkina,N"]
[Black "Komiagina,M"]
[Result "1-0"]
[WhiteElo "2195"]
[BlackElo "2120"]

1.e4 c5 2.Nf3 d6 3.Bb5+ Nc6 4.O-O Bg4 5.h3 Bh5 6.c3 a6 7.Bxc6+ bxc6 8.d4 cxd4
9.cxd4 e6 10.Nbd2 Be7 11.b3 Nf6 12.Re1 O-O 13.Bb2 d5 14.Rc1 Qb6 15.Qc2 Bb4
16.Re3 Rfc8 17.a3 Bxf3 18.Nxf3 dxe4 19.Ng5 Bd6 20.Nxe4 Bf4 21.Nxf6+ gxf6
22.Rf3 Bxc1 23.Qxc1 Qd8 24.Qh6  1-0

[Event "Leonid Stein Mem B"]
[Site "Lviv UKR"]
[Date "2000.05.19"]
[Round "7"]
[White "Sulypa,A"]
[Black "Atalik,S"]
[Result "1/2-1/2"]
[WhiteElo "2449"]
[BlackElo "2575"]

1.e4 c5 2.Nf3 d6 3.Bb5+ Bd7 4.Bxd7+ Qxd7 5.c4 Nf6 6.Nc3 Nc6 7.d4 cxd4 8.Nxd4 g6
9.f3 Bg7 10.Be3 O-O 11.O-O Rfd8 12.Qd2 e6 13.Rfd1 d5 14.cxd5  1/2-1/2

[Event "Capablanca Mem Elite"]
[Site "Varadero CUB"]
[Date "2000.05.21"]
[Round "12"]
[White "Oral,T"]
[Black "Arencibia,W"]
[Result "0-1"]
[WhiteElo "2540"]
[BlackElo "2529"]

1.e4 c5 2.Nf3 d6 3.Bb5+ Nd7 4.d4 Nf6 5.Nc3 cxd4 6.Qxd4 e5 7.Qd3 h6 8.Be3 Be7
9.Bc4 O-O 10.O-O a6 11.a4 Qc7 12.Nh4 d5 13.exd5 e4 14.Nxe4 Ne5 15.d6 Nxd3
16.dxc7 Ne5 17.Nd2 Nfg4 18.Nhf3 Nxe3 19.fxe3 Ng4 20.Nb3 Bd6 21.Rae1 Bxc7
22.h3 Nf6 23.e4 Bg3 24.Re2 Bd7 25.e5 Rac8 26.Nbd2 Nh5 27.Nd4 Rcd8 28.e6 Bxe6
29.Nxe6 fxe6 30.Bxe6+ Kh8 31.Rxf8+ Rxf8 32.Bg4 Nf4 33.Re3 Nxh3+ 34.Kh1 Nf2+
35.Kg1 Bh2+  0-1

[Event "ch-CZE"]
[Site "Opava CZE"]
[Date "2000.05.22"]
[Round "1"]
[White "Velicka,P"]
[Black "Vokac,M"]
[Result "1/2-1/2"]
[WhiteElo "2458"]
[BlackElo "2504"]

1.e4 c5 2.Nf3 d6 3.Bb5+ Bd7 4.Bxd7+ Qxd7 5.c4 Nc6 6.d4 cxd4 7.Nxd4 Nf6 8.Nc3 e6
9.O-O Be7 10.Be3 O-O 11.Qe2 a6 12.a4 Qc7 13.b3 Rfe8 14.f4 Nd7 15.Rab1 Bf6
16.Qd2 Nxd4  1/2-1/2

[Event "zt3.2a"]
[Site "Vung Tau VIE"]
[Date "2000.05.22"]
[Round "2"]
[White "Bancod,R"]
[Black "Wynn Zaw Htun"]
[Result "0-1"]
[WhiteElo "2382"]
[BlackElo "2524"]

1.e4 c5 2.Nf3 d6 3.Bb5+ Bd7 4.Bxd7+ Qxd7 5.O-O Nc6 6.c3 Nf6 7.d4 Nxe4 8.d5 Ne5
9.Re1 Nxf3+ 10.Qxf3 Nf6 11.c4 e6 12.dxe6 fxe6 13.Nc3 Be7 14.Bg5 O-O 15.Qh3 h6
16.Bxh6 gxh6 17.Rxe6 Rf7 18.Nd5 Raf8 19.Rae1 Bd8 20.Ne3 Re8 21.Nf5 Rxe6 22.Rxe6 Rh7
23.Rxd6 Qe8 24.Re6 Qa4 25.Qg3+ Kf7 26.Re1 Qd7 27.Nd6+ Kf8 28.Nb5 Re7 29.Rf1 a6
30.Nc3 Rg7 31.Qe3 Qd4 32.Qxh6 Qxc4 33.Rd1 Be7 34.g3 Qe6 35.Nd5 Qe2  0-1

[Event "ch-CZE"]
[Site "Opava CZE"]
[Date "2000.05.24"]
[Round "3"]
[White "Velicka,P"]
[Black "Hracek,Z"]
[Result "1/2-1/2"]
[WhiteElo "2458"]
[BlackElo "2620"]

1.e4 c5 2.Nf3 d6 3.Bb5+ Nd7 4.d4 cxd4 5.Qxd4 a6 6.Bxd7+ Bxd7 7.O-O Nf6 8.Bg5 h6
9.Bxf6 gxf6 10.c4 e6 11.Nc3 Be7 12.Rfe1 Rc8 13.a4 Qc7 14.b3 Qc5 15.Qd2 h5
16.Rad1 Rc7 17.Nd4 h4 18.Re3 Bf8 19.f4 h3 20.g3 Rg8 21.Qf2 Bh6  1/2-1/2

[Event "zt3.2b Oceana"]
[Site "Auckland NZL"]
[Date "2000.05.26"]
[Round "7"]
[White "Smith,Ro"]
[Black "Guthrie,D"]
[Result "1/2-1/2"]
[WhiteElo "2300"]
[BlackElo "2138"]

1.e4 c5 2.Nf3 d6 3.Bb5+ Nd7 4.d4 Nf6 5.Nc3 a6 6.Bxd7+ Nxd7 7.O-O e6 8.dxc5 Nxc5
9.Bf4 b5 10.a3 Bb7 11.Re1 Qc7 12.Qd4 Rd8 13.Bg3 e5 14.Qd2 Be7 15.Rad1 Bc6
16.Nd5 Qb7 17.h3 O-O 18.Nh2 Na4 19.Qc1 f5 20.Nxe7+ Qxe7 21.exf5 Rxf5 22.Ng4 Rff8
23.c4 Qb7 24.cxb5 axb5 25.Ne3 Nc5 26.Bxe5 Ne4 27.Bg3 Rc8 28.Qb1 Nxg3 29.fxg3 Be4
30.Qa2+ Kh8 31.Qb3 Qb6 32.Rf1 Rfe8 33.Kh2 Ba8 34.Nd5 Qc6 35.Rf2 Re5 36.Nb4 Qe8
37.Rxd6 h6 38.Rd1 Re3 39.Rd3 Re1 40.Rd1 Re2 41.Rdf1 Qe4 42.Qf3 Qxf3 43.gxf3 Bxf3
44.Rxe2 Bxe2 45.Rf2 Bc4 46.Rd2 Re8 47.Nc2 Kg8 48.Kg2 g5 49.g4 Re5 50.Kf2 Re4
51.Ne3 Be6 52.Nd5 Kg7 53.Kf3 Re1 54.Nc3 Bc4 55.Rd7+ Kg6 56.Rd6+ Kg7 57.Rb6 Rh1
58.Kg2 Rc1 59.Nxb5 Rc2+ 60.Kg1 Rxb2 61.Rb7+ Kg6 62.Nd6 Rxb7 63.Nxb7 h5 64.Kf2 hxg4
65.hxg4 Kf6 66.Nd6 Bb3 67.Ne4+ Ke5 68.Nd2 Bd1 69.Kg3 Kd4 70.Nf3+ Kc3 71.Nxg5 Bxg4
72.Kxg4 Kb3 73.a4 Kxa4  1/2-1/2

[Event "zt 1.8"]
[Site "Minsk BLR"]
[Date "2000.05.26"]
[Round "1"]
[White "Azarov,S"]
[Black "Kupreichik,V"]
[Result "1-0"]
[WhiteElo "2429"]
[BlackElo "2480"]

1.e4 c5 2.Nf3 d6 3.Bb5+ Nd7 4.d4 Nf6 5.O-O a6 6.Bxd7+ Nxd7 7.Nc3 e6 8.Bg5 Qc7
9.d5 b5 10.dxe6 fxe6 11.Re1 Bb7 12.Bh4 Be7 13.Ng5 Bxg5 14.Qh5+ g6 15.Qxg5 O-O
16.Rad1 b4 17.Ne2 Rae8 18.Nf4 Rf7 19.Nh3 Nf8 20.f3 e5 21.Nf2 h5 22.Rd2 Re6
23.Qe3 Nh7 24.Nh3 a5 25.Red1 Kg7 26.c3 Bc8 27.Ng5 Nxg5 28.Qxg5 Kf8 29.c4 a4
30.b3 Ke8 31.Bg3 Qe7 32.Qh6 Rh7 33.Qe3 g5 34.bxa4 Ba6 35.a3 bxa3 36.Qxa3 Bxc4
37.Qc3 Ba6 38.Qa5 Bc8 39.Qb6 h4 40.Bf2 Qc7 41.Bxc5 g4 42.Qxc7 Rxc7 43.Bxd6 Rc4
44.a5 gxf3 45.gxf3 Rf6 46.Kg2 h3+ 47.Kf2 Rxe4 48.Bc5 Kf7 49.Rd8 Rc4 50.Rxc8 Kg6
51.Rc7 Rc2+ 52.Ke3 Rxh2 53.Rg1+ Kf5 54.Be7 Rf7 55.Rg5+ Ke6 56.Rg6+ Kf5 57.Rh6 Rh1
58.Kf2 h2 59.Kg2 Ra1 60.Kxh2 Rxa5 61.Bd8 Ra2+ 62.Kg3 Rf8 63.Bh4 Rg8+ 64.Kh3 Kf4
65.Rf6+ Ke3 66.Rc4 Ra1 67.Re4+ Kd3 68.Rd6+ Kc2 69.Be1 Ra7 70.Rxe5 Rf7 71.Rc5+  1-0